[Event "Sarajevo Bosnia 33rd"]
[Site "Sarajevo"]
[Date "2003.05.19"]
[Round "2"]
[White "Kasimdzhanov, Rustam"]
[Black "Bareev, Evgeny"]
[Result "1-0"]
[WhiteElo "2680"]
[BlackElo "2734"]
[Annotator "Huebner,R"]
[PlyCount "111"]
[EventDate "2003.05.18"]
[EventType "tourn"]
[EventRounds "9"]
[EventCountry "BIH"]
[EventCategory "16"]
[SourceTitle "CBM 096"]
[Source "ChessBase"]
[SourceDate "2003.09.25"]
[SourceVersion "1"]
[SourceVersionDate "2003.09.25"]
[SourceQuality "1"]

1. d4 d5 2. c4 c6 3. Nf3 Nf6 4. Nc3 dxc4 5. a4 Bf5 6. e3 e6 7. Bxc4 Bb4 8. O-O
Nbd7 9. Qe2 Bg4 10. h3 Bxf3 11. Qxf3 O-O 12. Rd1 Rc8 13. e4 e5 14. Be3 Qa5 (
14... Qe7 15. Re1 (15. d5 $5) 15... exd4 16. Bxd4 Ne5 17. Qe2 c5 18. Bxe5 Qxe5
$11 {1-0 Cmilyte,V-Matras,A/Warsaw 1999/EXT 2000 (42). (41)}) 15. Na2 Bd6 16.
Nc3 exd4 (16... Bb4 $11) 17. Bxd4 Ne5 18. Qe2 Rfe8 {Es ist nicht nötig, den
weißfeldrigen Läufer des Gegners am Leben zu lassen. Mir scheint die Stellung
des Nachziehenden nach} (18... Nxc4 19. Bxf6 (19. Qxc4 Be5) 19... gxf6 20. Qxc4
Rcd8 {vollkommen gesund zu sein. Der Textzug ist aber sicher auch gut spielbar.
}) 19. Ba2 Bc5 20. f4 Rcd8 21. Bxc5 Qxc5+ 22. Kh2 Ng6 23. g3 Nd5 $2 {Ich halte
es für wesentlich, daß Schwarz in dieser Art von Stellung ein Turmpaar tauscht.
Nach} (23... h5 24. Rxd8 (24. e5 Rxd1 25. Rxd1 h4 {sieht nicht gut für Weiß
aus.}) 24... Rxd8 25. e5 Nd5 26. Nxd5 cxd5 27. Rg1 {entsteht eine schwer
einzuschätzende Stellung, doch vermute ich daß Schwarz ausreichendes
Gegenspiel besitzt.}) 24. Nxd5 cxd5 25. e5 Ne7 26. Rac1 Qb4 27. Qb5 Qe4 {
Das Endspiel, das nach} (27... Qxb5 28. axb5 Rd7 29. Rd4 {entsteht, scheint
mir so gut wie hoffnungslos für Schwarz zu sein.}) 28. Bb1 Qe3 29. Kg2 a6 $2 {
Jetzt entsteht in etwas anderer Form das oben skizzierte Endspiel. Schwarz
sollte unbedingt versuchen, mit} (29... d4 {im Trüben zu fischen.}) 30. Qd3
Qxd3 ({Die Fortsetzung} 30... Nf5 31. Re1 Qxd3 32. Bxd3 {ist nicht attraktiver
für Schwarz.}) 31. Bxd3 Rc8 32. b4 g6 33. b5 a5 {Vielleicht macht es keinen
wesentlichen Unterschied, doch lohnt es sich in schlechten Endspielen immer -
ceteris paribus - die Anzahl der Bauern zu reduzieren. Ich hätte} (33... axb5 {
gespielt.}) 34. b6 Kf8 35. Bb5 Red8 36. Kf3 Nf5 $2 37. Kf2 $2 (37. Rxd5 $18)
37... Ke7 38. g4 Ng7 39. Ke3 $2 (39. Rxc8 Rxc8 40. Rxd5 $18) 39... d4+ 40. Ke4
Ne6 41. Rxc8 Rxc8 42. Rf1 f6 $2 {Schwarz ist schon so weit, daß er gute
Rettungsaussichten hätte erlangen können:} (42... Rd8 43. Rc1 f5+ 44. exf6+
Kxf6 45. h4 d3 46. g5+ Ke7 47. Bxd3 Rd4+ 48. Ke3 Rxf4 {usw.}) 43. exf6+ Kxf6
44. f5 gxf5+ $2 {Wesentlich zäher war} (44... Ng5+ 45. Kxd4 Nxh3) 45. Rxf5+ Ke7
46. Rh5 $18 Rd8 47. Rxh7+ Kf6 48. Rh6+ Ke7 49. Rh5 Rd6 50. Bc4 d3 51. Bxe6
Rxe6+ 52. Kxd3 Rxb6 53. Rxa5 Rb3+ 54. Ke4 Rxh3 55. Rb5 Kf6 56. Kf4 1-0

[Event "Samba Cup 1st"]
[Site "Skanderborg"]
[Date "2003.10.16"]
[Round "6"]
[White "Kasimdzhanov, Rustam"]
[Black "Ivanchuk, Vassily"]
[Result "1-0"]
[WhiteElo "2668"]
[BlackElo "2710"]
[PlyCount "117"]
[EventDate "2003.10.10"]
[EventType "tourn"]
[EventRounds "9"]
[EventCountry "DEN"]
[EventCategory "16"]
[SourceTitle "CBM 098"]
[Source "ChessBase"]
[SourceDate "2004.02.03"]
[SourceVersion "1"]
[SourceVersionDate "2004.02.03"]
[SourceQuality "1"]

1. d4 Nf6 2. c4 e6 3. Nc3 Bb4 4. e3 O-O 5. Bd3 c5 6. Nf3 d5 7. O-O Nc6 8. a3
Bxc3 9. bxc3 Qc7 10. cxd5 exd5 11. a4 Re8 12. Ba3 c4 13. Bc2 Bg4 14. Qe1 Bxf3
15. gxf3 Qd7 16. Kh1 Qh3 17. Qd1 Nh5 18. Rg1 g6 19. Rb1 b6 20. Rb5 Rad8 21. Rg5
Nf6 22. Bf5 Qh4 23. Qg1 Kh8 24. Bc2 Re6 25. Bc1 Ne7 26. Qg3 Qxg3 27. Rxg3 Ne8
28. Ba3 f5 29. Rg1 Nd6 30. Rbb1 Nc6 31. h4 Rf6 32. h5 Kg7 33. Rg2 Kf7 34. Rbg1
Na5 35. Rh2 Kg7 36. Rg3 Nb3 37. hxg6 hxg6 38. Rgh3 Rf7 39. Rh7+ Kf6 40. Bxd6
Rxd6 41. Rxf7+ Kxf7 42. Rh7+ Kf8 43. Rxa7 Nc1 44. a5 bxa5 45. Rxa5 Ne2 46. Ra3
Rb6 47. Kg2 Ke7 48. Bd1 Nc1 49. Ra1 Nd3 50. Bc2 Rb2 51. Bxd3 cxd3 52. Rd1 d2
53. f4 Rc2 54. Kf3 Rxc3 55. Rxd2 Rc1 56. Kg2 Rc8 57. Ra2 Rd8 58. Kf3 Rh8 59.
Ra7+ 1-0

[Event "FIDE-Wch k.o."]
[Site "Tripoli"]
[Date "2004.07.05"]
[Round "6.5"]
[White "Topalov, Veselin"]
[Black "Kasimdzhanov, Rustam"]
[Result "0-1"]
[WhiteElo "2737"]
[BlackElo "2652"]
[Annotator "Ftacnik,L"]
[PlyCount "106"]
[EventDate "2004.06.19"]
[EventType "k.o."]
[EventRounds "7"]
[EventCountry "LBY"]
[SourceTitle "CBM 102"]
[Source "ChessBase"]
[SourceDate "2004.09.23"]
[SourceVersion "1"]
[SourceVersionDate "2004.09.23"]
[SourceQuality "1"]

1. d4 Nf6 2. c4 e6 3. Nf3 b6 4. g3 Bb7 5. Bg2 Be7 6. Nc3 O-O 7. d5 Bb4 8. O-O
Na6 9. Nd4 Bxc3 10. bxc3 Nc5 (10... exd5 11. Nf5 Re8 12. cxd5 Ne4 13. Bxe4 Rxe4
14. f3 Re5 15. e4 Qf6 16. g4 Nc5 17. Qd4 d6 18. Bf4 Rae8 19. Bxe5 dxe5 20. Qe3
Ba6 {0-1 Summerscale,A-Motwani,P/Edinburgh 2003/ (39)}) 11. Nb3 {Topalov
insists on improving his pawn structure, black can not consent since he lacks
bishop pair.} (11. Ba3 Rb8 (11... exd5 12. Nb3 dxc4 13. Bxb7 Nxb7 14. Nd2 Re8
15. Nxc4 d5 16. Ne3 Qd7 17. Qd3 Qh3 18. f3 Qe6 19. Bc1 Nd6 20. Re1 a5 {0-1
Grunberg,S-Itkis,B/Predeal 1997/ (30)}) 12. Nb5 a6 13. Bxc5 bxc5 14. Na3 Re8
15. Re1 exd5 16. cxd5 d6 17. Nc4 Nd7 18. e4 Nb6 19. Na5 Qf6 20. Qc2 Qg6 21. Bf1
Bxd5 22. Bd3 c4 {0-1 Marusak,P-Chernyshov,K/Martin 1996/ (29)}) 11... Nce4 12.
f3 (12. Qd3 exd5 13. cxd5 Bxd5 14. c4 Nc5 15. Nxc5 Bxg2 16. Kxg2 bxc5 $15)
12... Nxc3 (12... Nd6 13. dxe6 fxe6 14. Ba3 Qb8 15. e4 e5 16. Bxd6 cxd6 17. Qd3
$11) 13. Qc2 (13. Qd2 Na4 14. Qb4 b5 15. Qxb5 Nb6 16. dxe6 fxe6 17. c5 Bc6 18.
Qa5 $14) 13... Na4 14. e4 d6 15. Nd4 (15. Na5 $5 Nc5 16. Nxb7 Nxb7 17. f4 $44)
15... Nc5 16. Bb2 Qd7 (16... Re8 17. Rae1 a6 18. f4 Rb8 $15) 17. Bh3 Rfe8 18.
a4 (18. Nb3 Qa4 19. Bxf6 gxf6 20. Qc3 Kg7 21. Nxc5 bxc5 22. Rab1 Ba6 $15) 18...
a5 19. Rfe1 Qe7 (19... Re7 20. Nb5 Rae8 21. Rad1 Qc8 22. e5 $44) 20. e5 $1 {
White is right in opening the position for his far reaching bishops, but
Kasimdzhanov is well prepared.} dxe5 21. Rxe5 Ncd7 (21... Qd6 22. Nb5 Qd7 23.
Ba3 $11) 22. Re3 Qc5 23. Rae1 e5 24. Nb3 (24. Ba3 Qxd4 25. Bb2 Qc5 26. Ba3 $11)
24... Qd6 25. Bxd7 (25. Qd2 c6 26. f4 exf4 $17) 25... Nxd7 (25... Qxd7 $2 26.
Bxe5 Qxa4 27. Qc3 Ba6 28. Nd2 $14) 26. f4 f6 27. Nd2 Qf8 (27... Rad8 28. Ne4
Qe7 29. fxe5 fxe5 30. Ba3 Qf7 31. Ng5 $13) 28. fxe5 Nxe5 (28... fxe5 $5 29.
Bxe5 (29. Nf3 c6 30. Ng5 g6 31. Ne6 Qd6 32. Ba3 c5 33. Bb2 Rxe6 34. dxe6 Qxe6
$15) 29... c6 30. Bd4 (30. Qb3 Nxe5 31. Rxe5 Qc5+ 32. Kg2 Rxe5 33. Rxe5 cxd5
34. cxd5 Rd8 $19) 30... Rxe3 31. Rxe3 cxd5 32. Qb2 $15) 29. Bxe5 Rxe5 30. Rxe5
fxe5 31. Rxe5 Qc5+ (31... c6 32. Ne4 Qa3 33. Qc3 Qxa4 34. Re7 Qd1+ 35. Kg2 Qe2+
36. Kg1 Qd1+ $11) 32. Kg2 Rf8 33. Nf3 {Bulgarian grandmaster was probably
unhappy about his limited success in this position and next phase he plays
beyond his capabilities.} (33. Ne4 $1 Qa3 34. Ng5 g6 35. Re6 Qa1 36. Qe2 $14)
33... h6 34. Qd3 (34. Nh4 c6 35. Nf5 cxd5 36. Ne7+ Kh8 37. Ng6+ Kg8 38. Ne7+ (
38. Nxf8 $2 dxc4+ 39. Kf1 Qxe5 $19) 38... Kh8 $11) 34... Ba6 35. Re4 (35. Rf5
$5 Rxf5 (35... Qxc4 36. Rxf8+ Kxf8 37. Qf5+ $11) 36. Qxf5 Qxc4 37. Qe6+ $11)
35... Qb4 36. Ne5 (36. Qc2 Bc8 37. Nd4 Bd7 $15) 36... Qxa4 37. h4 $2 {
Important tempo as black will now fully take over the initiative.} (37. Nc6 $1
Kh8 38. Ne5 Rf6 $15) 37... Qa2+ 38. Re2 Qa1 39. Kh2 (39. Re4 Qb2+ 40. Re2 Qc1
$17) 39... Qf1 40. Qe3 Bc8 41. g4 (41. Ng6 $2 Qh3+ 42. Kg1 Rf1#) 41... Re8 42.
Kg3 (42. Re1 Qf6 43. g5 hxg5 44. hxg5 Qd6 45. Qf4 $17) 42... h5 43. Re1 (43.
gxh5 Qh3+ 44. Kf2 Qxh4+ 45. Qg3 Qxh5 $19) 43... Qf6 44. gxh5 (44. g5 Qf5 45.
Kg2 a4 $19) 44... Qf5 45. Kh2 Qxh5 46. Qg3 a4 $1 {Excellent move, that
underlines the pain of the missing vital a pawn, Topalov is completely lost.}
47. Ng4 (47. Qg5 Qxg5 48. hxg5 a3 $19) 47... Bxg4 (47... Rxe1 $4 48. Nf6+ $18)
48. Rxe8+ Qxe8 49. Qxg4 Qe5+ 50. Kg2 a3 51. Qc8+ (51. d6 Qxd6 52. Qe2 Qg6+ $19)
51... Kh7 52. Qa6 Qb2+ 53. Kf3 a2 0-1

[Event "FIDE-Wch k.o."]
[Site "Tripoli"]
[Date "2004.07.05"]
[Round "6.6"]
[White "Kasimdzhanov, Rustam"]
[Black "Topalov, Veselin"]
[Result "1-0"]
[WhiteElo "2652"]
[BlackElo "2737"]
[Annotator "Ftacnik,L"]
[PlyCount "83"]
[EventDate "2004.06.19"]
[EventType "k.o."]
[EventRounds "7"]
[EventCountry "LBY"]
[SourceTitle "CBM 102"]
[Source "ChessBase"]
[SourceDate "2004.09.23"]
[SourceVersion "1"]
[SourceVersionDate "2004.09.23"]
[SourceQuality "1"]

1. e4 c5 2. Nf3 e6 3. b3 b6 4. d4 cxd4 5. Nxd4 Bb7 6. Bd3 Bc5 7. Be3 {Black
should have no special problems with equalizing after such modest white's play.
} (7. c3 Ne7 8. O-O Nbc6 9. Be3 O-O 10. Nd2 Bxd4 11. cxd4 Nb4 12. Qe2 d5 13. e5
Nxd3 14. Qxd3 a5 15. Rfc1 Ba6 {0-1 Pedzich,D-Landa,K/Ubeda 1999/ (64)}) (7. Bb2
Qf6 8. c3 Qg6 (8... Nc6 9. Bc2 e5 10. Nf3 g5 11. b4 g4 12. bxc5 gxf3 13. Qxf3
Qxf3 14. gxf3 bxc5 15. Bd3 Nge7 16. Nd2 {1-0 Fuller,M-Watson,J/London 1979/ 
(79)}) 9. Qf3 Nf6 10. Nd2 O-O 11. O-O Qg5 12. Qe2 Nc6 13. Nxc6 Bxc6 14. b4 Bd6
15. g3 e5 16. Rad1 Rfe8 17. Ba6 b5 18. Bxb5 Bxb5 19. Qxb5 Qh5 20. f3 {
Hamdouchi,H-Small,V/Manila olm/1992/}) 7... Qf6 (7... Nf6 8. Nd2 O-O (8... e5
9. Nf5 O-O 10. Bxc5 bxc5 11. Nd6 $14) 9. Qf3 Qc7 $11) 8. c3 Nc6 9. Bc2 (9. Nb5
$6 Bxe3 10. fxe3 Ke7 11. Nd2 a6 12. Nd4 Ne5 $15) 9... Nxd4 10. cxd4 (10. Bxd4
Bxd4 11. cxd4 Qg6 12. Qf3 d5 $15) 10... Bb4+ 11. Kf1 Rc8 12. a3 Be7 13. h4 e5 (
13... Bf8 14. h5 d6 15. Nd2 $14) 14. dxe5 Qxe5 15. Bd4 Qc7 (15... Qb5+ 16. Kg1
(16. Bd3 $2 Rc1 $1 17. Qxc1 Qxd3+ 18. Ke1 Qxd4 $19) 16... Bf6 17. Ra2 d6 $11)
16. Nc3 {Topalov was hoping to stirr some problems for white with original
play in the opening. The results are not very encouraging, white has some
advantage.} (16. Bxg7 Qxc2 17. Nc3 Rxc3 18. Qxc2 Rxc2 19. Bxh8 Bc5 $19) 16...
Nf6 (16... Bf6 17. Rh3 Qc6 18. Rg3 $14) 17. Rh3 O-O (17... Qf4 18. Qd3 Bc5 19.
Rd1 Bxd4 20. Qxd4 $14) 18. e5 Nd5 (18... Ne8 19. Kg1 f6 20. Qh5 h6 21. Rg3 $14)
19. Qg4 g6 20. h5 f5 (20... Qc6 21. hxg6 fxg6 22. Nxd5 Qxd5 23. Bxg6 Qxg2+ 24.
Qxg2 Bxg2+ 25. Kxg2 hxg6 26. b4 $16) 21. Bxf5 $1 {[%mdl 128] Kasimdzhanov
attacks with great energy, black is in deep trouble.} Nf4 (21... Rxf5 22. hxg6
Rf4 (22... Rg5 23. gxh7+ Kf7 24. Rf3+ Kg7 25. e6+ Kxh7 26. Rf7+ $18) 23. gxh7+
Kh8 24. Qxf4 $1 Qxc3 (24... Nxf4 25. e6+ $18) 25. e6+ $18) 22. Rg3 Rxf5 (22...
Bxg2+ 23. Rxg2 Nxg2 24. Nd5 Qd8 25. hxg6 h6 26. Bxd7 $18) 23. hxg6 (23. Qxf5
Rf8 24. Qg4 Bc5 25. hxg6 hxg6 26. Bxc5 Qxc5 27. Re1 $18) 23... h5 (23... Rg5
24. gxh7+ Kxh7 25. Qxf4 Rxg3 26. Qxg3 $18) 24. Qxf5 Rf8 25. Qc2 Ba6+ (25... Bh4
26. g7 Rf7 $140 27. Qh7+ $1 $18) 26. Ke1 (26. Kg1 Ne2+ 27. Qxe2 Bxe2 28. Nxe2
$16) 26... h4 27. g7 (27. Rg4 Qc6 28. g7 Nd3+ 29. Kd1 Rf7 30. b4 $18) 27... Rc8
(27... hxg3 28. gxf8=Q+ Bxf8 29. fxg3 Nd3+ 30. Kd1 $18) 28. Qe4 (28. Rf3 Nxg2+
29. Kd1 Qc6 30. Qf5 $18) 28... hxg3 29. Qxf4 Qc6 (29... gxf2+ 30. Kxf2 Bc5 31.
Nd5 Qc6 32. Bxc5 Qxc5+ 33. Ne3 $18) 30. Qxg3 Qh6 31. Qh3 {White has skillfully
managed to survive with a king on e1, solid material plus gives him easy win
in most endgames.} Qg6 (31... Qxh3 32. gxh3 Bc5 33. Bxc5 Rxc5 34. Kd2 Rxe5 35.
Rg1 $18) 32. Qxd7 Rxc3 (32... Qxg2 33. Qe6+ Kh7 34. g8=Q+ Rxg8 35. Qxe7+ $18)
33. Qd5+ $1 Kxg7 34. Bxc3 Qc2 (34... Qg4 35. Ra2 $18) 35. Qd2 {The game is
over as white has tons of spare material.} (35. Qf3 Kg8 36. e6 $18) 35... Qh7
36. e6+ Kg8 37. Qe3 Qh1+ (37... Bc8 38. Qg3+ Kf8 39. Qf4+ $18) 38. Kd2 Qh4 39.
Qg3+ Bg5+ 40. Kd1 Qh5+ (40... Qxg3 41. fxg3 Bc8 42. Kc2 Bxe6 43. Re1 $18) 41.
f3 Qg6 42. Qb8+ 1-0

[Event "Olympiad-36"]
[Site "Mallorca"]
[Date "2004.10.28"]
[Round "13"]
[White "Kasimdzhanov, Rustam"]
[Black "Shirov, Alexei"]
[Result "1-0"]
[WhiteElo "2650"]
[BlackElo "2726"]
[PlyCount "81"]
[EventDate "2004.10.15"]
[EventType "team-swiss"]
[EventRounds "14"]
[EventCountry "ESP"]
[SourceTitle "CBM 104"]
[Source "ChessBase"]
[SourceDate "2005.01.27"]
[SourceVersion "1"]
[SourceVersionDate "2005.01.27"]
[SourceQuality "1"]
[WhiteTeam "Uzbekistan"]
[BlackTeam "Spain"]
[WhiteTeamCountry "UZB"]
[BlackTeamCountry "ESP"]

1. e4 c5 2. Nf3 Nc6 3. Bb5 e6 4. O-O Nge7 5. c3 a6 6. Be2 d5 7. exd5 Nxd5 8. d4
Be7 9. dxc5 O-O 10. Nd4 Bxc5 11. Nxc6 bxc6 12. Nd2 e5 13. Nb3 Ba7 14. c4 Ne7
15. Qxd8 Rxd8 16. Be3 Kf8 17. Rfd1 Rxd1+ 18. Rxd1 Ke8 19. Bxa7 Rxa7 20. Nc5 Nf5
21. Bg4 Ke7 22. Re1 Kd6 23. Ne4+ Kc7 24. c5 f6 25. f4 Nd4 26. Bxc8 Kxc8 27.
fxe5 fxe5 28. Nd6+ Kd7 29. Rxe5 Ra8 30. Re4 Ne6 31. Nc4 Ke7 32. b4 Rd8 33. Ne5
Rc8 34. Kf2 a5 35. Nd3 Kf6 36. bxa5 Ra8 37. Ra4 Nc7 38. Ke3 Ke6 39. a6 Nb5 40.
Re4+ Kd5 41. a4 1-0

[Event "FIDE-Wch"]
[Site "San Luis"]
[Date "2005.10.01"]
[Round "4"]
[White "Kasimdzhanov, Rustam"]
[Black "Anand, Viswanathan"]
[Result "1-0"]
[WhiteElo "2670"]
[BlackElo "2788"]
[Annotator "Ftacnik,L"]
[PlyCount "75"]
[EventDate "2005.09.28"]
[EventType "tourn"]
[EventRounds "14"]
[EventCountry "ARG"]
[EventCategory "20"]
[SourceTitle "CBM 110"]
[Source "ChessBase"]
[SourceDate "2006.01.31"]
[SourceVersion "1"]
[SourceVersionDate "2006.01.31"]
[SourceQuality "1"]

1. e4 c5 2. Nf3 d6 3. d4 cxd4 4. Nxd4 Nf6 5. Nc3 a6 6. Be3 Ng4 7. Bg5 h6 8. Bh4
g5 9. Bg3 Bg7 10. h3 Ne5 11. Nf5 Bxf5 12. exf5 Nbc6 13. Nd5 e6 14. fxe6 fxe6
15. Ne3 O-O 16. Be2 (16. c3 d5 17. Be2 Ng6 18. O-O Nf4 19. Bg4 Qe7 20. Re1 Ne5
21. Be2 Rad8 22. Ng4 Nc6 {0-1 Cheparinov,I-Sakaev,K/Dos Hermanas 2003/ (42)})
16... Qe7 (16... d5 17. O-O Ng6 18. c4 Nd4 19. cxd5 exd5 20. Bg4 Nf4 21. Bxf4
Rxf4 22. Qd3 Qd6 23. Rad1 {1-0 Shirov,A-Gelfand,B/Monte Carlo 2000/ (40)}) 17.
O-O Rad8 18. Bh5 $5 $146 {Kasimdzhanov has done his homework and is well
informed about the nuicances of the position. His new move strives to prevent
relocation of the black knight to f4 square.} (18. c4 Ng6 19. Qd2 Nf4 20. Rab1
Qf7 {1/2-1/2 Dolmatov,S-Sakaev,K/Moscow 2003/}) 18... Kh8 19. Re1 d5 20. a4 Nc4
$6 {This hasty move fails to solve the problems of the position. Much better
results could have been achieved with the fine manouver of the knight 20...
Nd7!?} (20... Nd7 $5 21. Ng4 (21. c3 Be5 $1) (21. Nxd5 Qc5 22. Ne3 Nf6 23. Qe2
Nd4 $19) 21... Nc5 (21... Bxb2 22. Rb1 Bc3 23. Rxb7 Bxe1 24. Qxe1 e5 25. Nxh6
$14) 22. c3 e5 $13) 21. Nxc4 dxc4 22. Qg4 Qb4 (22... Nd4 23. c3 Nc2 24. Rxe6
Qxe6 25. Qxe6 Nxa1 26. Be5 Bxe5 27. Qxe5+ $18) 23. Qxe6 Rd2 (23... Nd4 24. Qe4
Qxb2 25. Be5 Bxe5 26. Qxe5+ Kg8 27. Rab1 Qxc2 28. Rxb7 Qxf2+ 29. Kh1 $18) (
23... Qxb2 24. Qxc4 Qc3 25. Qe6 $16) 24. Rad1 (24. c3 Qxb2 25. Be8 Rdxf2 26.
Bxf2 Qxf2+ 27. Kh1 $16) 24... Nd4 (24... Rxc2 25. Bf3 Rd2 26. Bd6 $16) 25. Qe4
(25. Bd6 Qb6 26. Qd7 Rdxf2 (26... Nf3+ 27. Bxf3 Qxf2+ 28. Kh1 Rxd1 29. Rxd1
Rxf3 30. Bc5 Rxh3+ 31. Qxh3 Qxc5 32. Rd8+ Kh7 33. Qe6 $18) 27. Bxf8 Rxf8 28.
Kh1 $16) 25... Nf5 26. Be5 $1 {Anand suffers due to the vulnerability of his
king, the exchange of the bishops will expose him wide open.} Rxf2 27. Bf3 (27.
Kxf2 Qc5+ 28. Ke2 Bxe5 29. Rd5 Ng3+ 30. Kd1 Nxe4 31. Rxc5 Rd8+ 32. Kc1 Bf4+ 33.
Kb1 Nxc5 $19) 27... Rd2 (27... Qb6 28. a5 Qa7 29. Kh1 $16) 28. Bxg7+ Kxg7 (
28... Nxg7 29. Rxd2 Qxd2 30. Rd1 Qa5 31. Qxc4 $16) 29. Qe5+ (29. Rxd2 Qxd2 30.
Qe5+ Rf6 31. Bxb7 $16) 29... Rf6 30. a5 $6 $138 (30. Rxd2 Qxd2 31. Bxb7 $16)
30... Nh4 $2 {[%mdl 64] Both mistakes are closely related to the time trouble,
white will somehow manage to find a fine refutation.} (30... b5 31. axb6 Qxb6+
32. Kh1 Rxd1 33. Rxd1 $16) 31. Qc7+ Rf7 32. Qe5+ Rf6 33. Bh5 $1 Ng6 {Modest
and necessary, since otherwise black king would suffer indignity of beeing
mated.} (33... Rxg2+ 34. Kh1 Rd2 35. Rxd2 Qxd2 36. Qc7+ Kg8 37. Re8+ Rf8 38.
Rxf8+ Kxf8 39. Qf7#) 34. Bxg6 Rxd1 (34... Kxg6 35. Qe8+ Rf7 36. Qg8+ Kf6 37.
Qh8+ $18) 35. Rxd1 Kxg6 36. Qe4+ Kg7 (36... Kf7 37. Rd7+ Kf8 38. Qe5 $18) 37.
Rd7+ Kg8 (37... Rf7 38. Qe5+ Kg8 39. Rd8+ Rf8 40. Qe6+ Kg7 41. Rd7+ $18) 38.
Qh7+ 1-0

[Event "FIDE-Wch"]
[Site "San Luis"]
[Date "2005.10.09"]
[Round "10"]
[White "Kasimdzhanov, Rustam"]
[Black "Polgar, Judit"]
[Result "1-0"]
[WhiteElo "2670"]
[BlackElo "2735"]
[Annotator "Ftacnik,L"]
[PlyCount "93"]
[EventDate "2005.09.28"]
[EventType "tourn"]
[EventRounds "14"]
[EventCountry "ARG"]
[EventCategory "20"]
[SourceTitle "CBM 110"]
[Source "ChessBase"]
[SourceDate "2006.01.31"]
[SourceVersion "1"]
[SourceVersionDate "2006.01.31"]
[SourceQuality "1"]

1. e4 c5 2. Nf3 d6 3. d4 cxd4 4. Nxd4 Nf6 5. Nc3 a6 6. Be2 e6 7. a4 Be7 8. O-O
Nc6 9. Be3 O-O 10. f4 Bd7 11. Nb3 b6 12. Bf3 Qc7 13. g4 Bc8 14. g5 Nd7 15. Bg2
Re8 16. Rf3 Bf8 {White is aiming for the direct kingside attack. It is not
possible to win with pressure along the h file, but Kasimdzhanov can bring the
reserves and try to open the f file.} (16... Na5 17. Nd2 Bb7 18. Rh3 g6 19. Qg4
Rac8 20. Rf1 Nc4 21. Nxc4 Qxc4 22. Rd1 Nf8 23. Qh4 d5 24. Bd4 Bc5 25. Qf2 dxe4
{1/2-1/2 Alekseev,E-Golod,V/Biel 2005/}) 17. Rh3 g6 18. Qe1 (18. Qg4 Bb7 19.
Rf1 Nc5 20. Qh4 h6 21. f5 Nxb3 22. cxb3 Ne5 23. fxg6 fxg6 24. Bd4 Bg7 25. gxh6
Nf3+ 26. Rhxf3 Bxd4+ 27. Kh1 Re7 {1/2-1/2 Jankovskis,G-Roeder,M/Mittelrhein
1994/EXT 2002 (30)}) 18... Nb4 (18... Bg7 19. Qh4 Nf8 20. e5 dxe5 21. fxe5 Bb7
22. Rf1 Ne7 23. Bxb7 Qxb7 24. Ne4 Nf5 25. Rxf5 exf5 26. Nf6+ Bxf6 27. gxf6 h5 {
0-1 Popovych,O-Kirov,N/Hamburg 1977/ (43)}) (18... Bb7 19. Qf2 Bg7 20. Rf1 Nb4
21. f5 exf5 22. exf5 Bxg2 23. Kxg2 Nf8 (23... Qc4 24. Rh4 Qc6+ 25. Kg1 Nxc2 26.
fxg6 f5 27. Qxf5 Qg2+ 28. Kxg2 Nxe3+ 29. Kg1 Nxf5 30. gxh7+ Kh8 31. Rxf5 {
1-0 Popovic,P-Damjanovic,V/Niksic 1996/ (61)}) 24. f6 Bh8 25. Kg1 h5 26. Rh4 a5
27. Bxb6 Qb8 28. Nxa5 Rxa5 29. Bxa5 {1-0 Damjanovic,V-Cabrilo,G/Niksic 1996/ 
(37)}) 19. Qf2 (19. Qh4 h5 20. gxh6 Nxc2 21. h7+ Kh8 22. Rc1 Nxe3 23. Rxe3 Bb7
$11) 19... Rb8 (19... Bb7 20. Rf1 Nc5 21. f5 $36) 20. Rf1 f5 {Polgar was
getting scared of the white's advance 21.f5!, so she tries to prevent it with
a well known strategical motive of the advance of her own.} (20... Bg7 21. f5
$1 exf5 22. exf5 Nf8 23. f6 Bxh3 24. fxg7 Bxg2 25. gxf8=Q+ Kxf8 26. Kxg2 $16)
21. exf5 $1 (21. gxf6 Nxf6 $13) 21... gxf5 (21... exf5 22. Nd5 $1 Nxd5 23.
Bxd5+ Kg7 24. Rxh7+ Kxh7 25. Qh4+ Kg7 26. Qh6#) 22. Bd4 Re7 $1 {The defender
was facing an unusual problem of the defense against the advance 23.g6 when
black pieces are ill prepared for the opening of the kingside.} (22... Bb7 23.
g6 hxg6 (23... h6 24. g7 $1 Bxg7 25. Bxg7 Kxg7 26. Qd4+ $18) 24. Qh4 (24. Rh8+
Kf7 25. Qh4 e5 $1) 24... Re7 25. Bxb7 Rxb7 26. Qh8+ Kf7 27. Qh7+ Ke8 28. Qxg6+
Kd8 29. Rh8 Re8 30. Re1 Qc4 31. Bf2 $16) 23. Re1 e5 (23... Bb7 24. Bf6 Bxg2 25.
Qxg2 Ree8 26. Nd4 $16) 24. Nd5 Nxd5 25. Bxd5+ Kh8 26. Bc3 $1 Bb7 (26... Rg7 27.
fxe5 dxe5 28. Qxf5 $16) 27. Bxb7 Qxb7 28. Nd4 $1 {[%mdl 128] White is playing
with great flare and all white pieces will now participate in the crushing
attack.} Rf7 (28... exd4 29. Rxe7 Bxe7 30. Qxd4+ Bf6 31. gxf6 Rg8+ 32. Rg3
Rxg3+ 33. hxg3 $18) 29. Qh4 b5 (29... exd4 30. Bxd4+ Kg8 31. g6 $18) 30. Nxf5
$1 d5 31. g6 $6 $138 (31. Qh5 $1 Qb6+ 32. Kg2 Kg8 33. g6 Qxg6+ 34. Rg3 $18)
31... Qb6+ 32. Kh1 Qxg6 33. Rxe5 $6 {The time trouble is no friend of the
exact solutions, white is complicating his task by chosing second rate
solutions.} (33. fxe5 $1 Rxf5 34. e6+ Nf6 35. Rg1 $18) 33... Nxe5 34. Bxe5+ Bg7
(34... Kg8 35. Rg3 Rxf5 36. Rxg6+ hxg6 37. Qh8+ Kf7 38. Qh7+ Ke8 39. Qxg6+ Rf7
40. Bxb8 $18) 35. Bxg7+ Rxg7 36. Nxg7 Qxg7 $2 (36... Qe4+ 37. Kg1 Qd4+ 38. Kf1
Qc4+ 39. Rd3 Qxc2 40. Rg3 bxa4 41. Nh5 (41. Qf6 Qc1+ 42. Kg2 Qxb2+ 43. Qxb2
Rxb2+ 44. Kh3 Rb3 45. Ne6 Rxg3+ 46. Kxg3 a3 47. Nd4 a2 48. Nc2 $16) 41... Qd1+
42. Kg2 Rxb2+ 43. Kh3 Qf1+ 44. Kg4 Qe2+ 45. Rf3 Qe6+ 46. f5 Qg8+ 47. Qg5 Rg2+
48. Ng3 $16) 37. axb5 axb5 38. c3 Qg6 $2 {Judit had no easy task of chosing
the most promissing defense, unfortunatelly the text loses two vital tempies.}
(38... Re8 $16) 39. f5 $1 Qg7 40. Re3 Ra8 41. Qe1 Qf7 42. Qd1 Qg7 (42... Qxf5
43. Qd4+ Kg8 44. Rg3+ Kf7 45. Qg7+ Ke6 46. Re3+ $18) 43. b4 h6 44. Qe1 Ra7 45.
f6 $1 {With time to spare again white is finding the fine tactical solution.}
Qxf6 (45... Qg6 46. Re8+ Kh7 47. Re7+ Rxe7 48. fxe7 Qe8 49. Qe6 $18) 46. Re8+
Kh7 (46... Kg7 47. Qg1+ $18) 47. Qb1+ (47. Qb1+ Qg6 48. Rh8+ Kxh8 49. Qxg6 $18)
1-0